| 000 | 00995cam a2200313 a 4500 | ||
|---|---|---|---|
| 008 | 050106s2006 maua 001 0 eng | ||
| 010 | _a 2005920186 | ||
| 020 | _a0618528741 (pbk.) | ||
| 040 |
_aDLC _cDLC _dDLC |
||
| 050 | 0 | 0 |
_aPE1417 _b.M637 2006 |
| 082 | 0 | 0 |
_a808.0427 _222 |
| 092 | 0 | 4 |
_a808.0427 _bM898 2006 _221 |
| 099 |
_a04 _a808.0427 M898 2006 |
||
| 100 | 1 | _aMoseley, Ann. | |
| 245 | 1 | 0 |
_aInteractions : _ba thematic reader / _cAnn Moseley, Jeanette Harris. |
| 250 | _a6th ed. | ||
| 260 |
_aBoston : _bHoughton Mifflin, _cc2006. |
||
| 300 |
_axxx, 539 p. : _bill. ; _c24 cm. |
||
| 500 | _aIncludes index. | ||
| 650 | 0 | _aCollege readers. | |
| 650 | 0 |
_aEnglish language _xRhetoric _vProblems, exercises, etc. |
|
| 650 | 0 |
_aReport writing _vProblems, exercises, etc. |
|
| 700 | 1 |
_aHarris, Jeanette, _d1936- |
|
| 902 | _a2 | ||
| 905 |
_aAfaf _ecat. |
||
| 905 |
_aEman _eRev. |
||
| 942 |
_2ddc _cBK |
||
| 999 |
_c115375 _d115375 |
||